| 000 | 00706nam a2200241 a 4500 | ||
|---|---|---|---|
| 005 | 20210219152956.0 | ||
| 008 | 991125n 000 0 u | ||
| 035 | _aUPN01000070199 | ||
| 100 | _aMooney, Carolyn J. | ||
| 222 | _aCHRONICLE OF HIGHER EDUCATION | ||
| 245 | _aCritics within and without academe assail professors at research universities | ||
| 300 | _aA17-19 | ||
| 362 | _a39, No. 10, 1992 | ||
| 505 | _aMarzo 1993 | ||
| 653 | 0 | _aAUTONOMIA PERSONAL | |
| 653 | 0 | _aCANTIDAD DE TRABAJO DE LA FACULTAD | |
| 653 | 0 | _aFACULTAD COLEGIAL | |
| 653 | 0 | _aINVESTIGACION UNIVERSITARIA | |
| 653 | 0 | _aOPINION PUBLICA | |
| 653 | 0 | _aROL DEL MAESTRO | |
| 904 |
_aAC _b008010 |
||
| 905 | _aArticulo | ||
| 999 |
_c65276 _d65276 |
||